[Event "Titled Tuesday intern op 14th Nov Early"]
[Site "Chess.com INT"]
[Date "2023.11.14"]
[Round "5"]
[White "Chayka, Vitaliy"]
[Black "Sabatier, Mathis"]
[Result "1-0"]
[WhiteElo "2111"]
[BlackElo "2125"]
[PlyCount "109"]
[EventDate "2023.11.14"]
[EventType "swiss (blitz)"]
[EventRounds "11"]
[EventCountry "USA"]
[SourceTitle "CB47_2023"]
[SourceDate "2023.11.22"]
[SourceVersion "1"]
[SourceVersionDate "2023.11.22"]
[SourceQuality "1"]

1. d4 d5 2. Bf4 Nf6 3. e3 c5 4. dxc5 e6 5. b4 a5 6. c3 Nc6 7. Bb5 Bd7 8. Qb3 b6 9. Bxc6 Bxc6 10. b5 Bb7 11. c6 Bc8 12. a4 Bd6 13. Ne2 0-0 14. 0-0 e5 15. Bg3 Be6 16. Qb2 Ne4 17. Nd2 Nc5 18. Qc2 h5 19. h3 h4 20. Bh2 Qg5 21. Nf3 Qh5 22. Nfd4 Bc8 23. Nc1 Ne4 24. Nde2 Bf5 25. Nd3 Qg6 26. Kh1 Nxf2+ 27. Rxf2 Bxd3 28. Qd2 Be4 29. c4 dxc4 30. Nc3 Bb4 31. Rd1 Bd3 32. Bxe5 Rfe8 33. Bd4 Qg3 34. Rf3 Qg5 35. Qf2 Bd6 36. Bxb6 Bg3 37. Qg1 f6 38. Bd4 Kh8 39. Rd2 Rac8 40. Rb2 Bd6 41. Qf2 Be5 42. Bxe5 Qxe5 43. Qd2 g5 44. Nd1 f5 45. Qc3 Qxc3 46. Nxc3 g4 47. hxg4 fxg4 48. Rf4 Rxe3 49. Rxg4 Re1+ 50. Kh2 Rc1 51. Rxh4+ Kg7 52. Nd5 c3 53. Rb3 Bc4 54. Rxc3 Bxd5 55. Rxc1 1-0

[Event "Titled Tuesday intern op 14th Nov Early"]
[Site "Chess.com INT"]
[Date "2023.11.14"]
[Round "2"]
[White "Sabatier, Mathis"]
[Black "Hua, Lefong"]
[Result "0-1"]
[WhiteElo "2125"]
[BlackElo "2305"]
[PlyCount "180"]
[EventDate "2023.11.14"]
[EventType "swiss (blitz)"]
[EventRounds "11"]
[EventCountry "USA"]
[SourceTitle "CB47_2023"]
[SourceDate "2023.11.22"]
[SourceVersion "1"]
[SourceVersionDate "2023.11.22"]
[SourceQuality "1"]

1. d4 Nf6 2. Nf3 g6 3. Nbd2 Bg7 4. e4 d6 5. Bd3 0-0 6. 0-0 c5 7. c3 cxd4 8. cxd4 Nc6 9. h3 a6 10. a4 Nb4 11. Bb1 Bd7 12. Re1 b5 13. a5 Nc6 14. Nb3 Rc8 15. Bd2 Qc7 16. d5 Ne5 17. Nxe5 dxe5 18. Be3 Ne8 19. Nc5 Ra8 20. b4 Nd6 21. Ba2 Nc4 22. Bxc4 bxc4 23. Rc1 Bb5 24. Qd2 Rfd8 25. Red1 Bf8 26. Qc3 Bg7 27. Qe1 h6 28. f3 Kh7 29. Qh4 Rab8 30. Bd2 Qd6 31. Bc3 Qf6 32. Qg3 h5 33. Kh1 h4 34. Qg4 Qf4 35. Qxf4 exf4 36. Bxg7 Kxg7 37. e5 Rbc8 38. Rd4 g5 39. Ne4 Kg6 40. Nc3 f6 41. e6 f5 42. Rd2 Rd6 43. Ra1 Rcd8 44. Kg1 Rxe6 45. Nxb5 axb5 46. a6 Red6 47. a7 Ra8 48. Ra5 Rd7 49. Rxb5 Raxa7 50. Rc5 Rac7 51. Rc2 Rxc5 52. bxc5 Rxd5 53. Rxc4 Rd7 54. c6 Rc7 55. Kf2 Kf6 56. Ke2 Ke5 57. Kd3 Kd6 58. Kd4 e5+ 59. Kd3 Rxc6 60. Ra4 Rb6 61. Ra5 Rb2 62. Ra6+ Ke7 63. Ra5 Rxg2 64. Rxe5+ Kf6 65. Ra5 Rf2 66. Ra6+ Kg7 67. Kd4 Rxf3 68. Ke5 Rxh3 69. Kxf5 Rg3 70. Ra7+ Kf8 71. Ra8+ Ke7 72. Ra7+ Kd6 73. Ra6+ Kc5 74. Rg6 h3 75. Ke4 Kc4 76. Rc6+ Kb3 77. Rh6 Kc3 78. Rc6+ Kd2 79. Ra6 Ke2 80. Ra2+ Kf1 81. Ra1+ Kg2 82. Ra2+ Kg1 83. Ra1+ Kh2 84. Ra2+ Rg2 85. Ra1 Re2+ 86. Kf3 Re3+ 87. Kg4 Rg3+ 88. Kf5 f3 89. Ke4 f2 90. Ra2 Rg2 0-1

[Event "Titled Tuesday intern op 19th Sep Early"]
[Site "Chess.com INT"]
[Date "2023.09.19"]
[Round "4"]
[White "Liu, Casper Yukun"]
[Black "Sabatier, Mathis"]
[Result "0-1"]
[WhiteElo "2278"]
[BlackElo "2130"]
[PlyCount "38"]
[EventDate "2023.09.19"]
[EventType "swiss (blitz)"]
[EventRounds "11"]
[EventCountry "USA"]
[SourceTitle "EXT 2024"]
[Source "ChessBase"]
[SourceDate "2023.10.10"]
[SourceVersion "1"]
[SourceVersionDate "2023.10.10"]
[SourceQuality "1"]

1. e4 e5 2. d4 exd4 3. Qxd4 Nc6 4. Qe3 Be7 5. Nc3 d6 6. Bd2 Nf6 7. 0-0-0 Be6 8. Nf3 0-0 9. h3 Nd7 10. g4 Nde5 11. Nxe5 Nxe5 12. f4 Nc4 13. Qd4 Nxd2 14. Rxd2 c5 15. Qe3 Qa5 16. Kb1 Bf6 17. g5 Bxc3 18. Qxc3 Qxa2+ 19. Kc1 Qa1# 0-1

[Event "Titled Tuesday intern op 19th Sep Early"]
[Site "Chess.com INT"]
[Date "2023.09.19"]
[Round "10"]
[White "Marcziter, Dmitrii"]
[Black "Sabatier, Mathis"]
[Result "1-0"]
[WhiteElo "2236"]
[BlackElo "2130"]
[PlyCount "109"]
[EventDate "2023.09.19"]
[EventType "swiss (blitz)"]
[EventRounds "11"]
[EventCountry "USA"]
[SourceTitle "EXT 2024"]
[Source "ChessBase"]
[SourceDate "2023.10.10"]
[SourceVersion "1"]
[SourceVersionDate "2023.10.10"]
[SourceQuality "1"]

1. e4 e5 2. Nf3 Nc6 3. Bc4 Nf6 4. Ng5 d5 5. exd5 Na5 6. Bb5+ c6 7. dxc6 bxc6 8. Bd3 Nd5 9. Ne4 Nf4 10. Bf1 f5 11. Nec3 Bc5 12. g3 Nd5 13. Bg2 0-0 14. 0-0 f4 15. Ne4 Bb6 16. Nbc3 Ba6 17. d3 Nb7 18. Na4 Bc7 19. Nac5 Nxc5 20. Nxc5 Bc8 21. Bd2 Qf6 22. Ne4 Qg6 23. c4 Nf6 24. Bc3 Bg4 25. f3 Bc8 26. g4 Bb6+ 27. Kh1 Nxe4 28. dxe4 Be6 29. Qe2 Qg5 30. Be1 Rf6 31. Bf2 Bxf2 32. Rxf2 Qh4 33. b3 Kh8 34. Rd1 Rh6 35. Bf1 c5 36. Rg2 Rg6 37. Qf2 Qg5 38. h4 Rh6 39. Rh2 Qe7 40. g5 Rh5 41. Bh3 h6 42. Bxe6 Qxe6 43. Rg1 hxg5 44. Rxg5 Rxg5 45. hxg5+ Kg8 46. Qh4 Re8 47. Rd2 Qe7 48. Rd5 Rd8 49. Qh5 Rxd5 50. cxd5 c4 51. g6 Qb4 52. Qh7+ Kf8 53. Qh8+ Ke7 54. Qxg7+ Kd6 55. Qf8+ 1-0

[Event "Titled Tuesday intern op 19th Sep Early"]
[Site "Chess.com INT"]
[Date "2023.09.19"]
[Round "1"]
[White "Sabatier, Mathis"]
[Black "Gubajdullin, Alexey"]
[Result "0-1"]
[WhiteElo "2130"]
[BlackElo "2253"]
[PlyCount "120"]
[EventDate "2023.09.19"]
[EventType "swiss (blitz)"]
[EventRounds "11"]
[EventCountry "USA"]
[SourceTitle "EXT 2024"]
[Source "ChessBase"]
[SourceDate "2023.10.10"]
[SourceVersion "1"]
[SourceVersionDate "2023.10.10"]
[SourceQuality "1"]

1. d4 Nf6 2. c4 g6 3. Nc3 Bg7 4. e4 0-0 5. Nge2 d6 6. Ng3 Na6 7. Be2 c5 8. d5 e6 9. 0-0 h5 10. Bg5 Qb6 11. Qd2 exd5 12. exd5 Bd7 13. Rfe1 Nh7 14. Bf4 Rfe8 15. Bf3 f5 16. h4 Nf6 17. Bg5 Ng4 18. Bxg4 hxg4 19. Bh6 Bf6 20. h5 Kh7 21. hxg6+ Kxg6 22. Nge2 Rh8 23. Be3 Rh7 24. Nf4+ Kf7 25. Nce2 Rah8 26. Ng3 Qxb2 27. Qxb2 Bxb2 28. Rab1 Bc3 29. Rec1 Bb4 30. Rb3 b6 31. a3 Ba5 32. Ne6 Bxe6 33. dxe6+ Kxe6 34. Bf4 Nc7 35. Rd1 Ne8 36. Re3+ Kd7 37. Kf1 Rf7 38. Ke2 a6 39. Rd5 Rhf8 40. Bh6 Rh8 41. Bf4 b5 42. Nxf5 Bc7 43. g3 bxc4 44. Rc3 Kc6 45. Ne3 Nf6 46. Rd1 d5 47. Bxc7 Rxc7 48. Nf5 Rf8 49. Ne3 Ne4 50. Rcc1 Rxf2+ 51. Ke1 Rcf7 52. Rxd5 Rf1+ 53. Nxf1 Kxd5 54. Ne3+ Kd4 55. Nxg4 Nxg3 56. Nf2 Re7+ 57. Kd2 Re2+ 58. Kd1 Rxf2 59. Rc2 Rxc2 60. Kxc2 c3 0-1

[Event "Titled Tuesday intern op 19th Sep Early"]
[Site "Chess.com INT"]
[Date "2023.09.19"]
[Round "6"]
[White "Sabatier, Mathis"]
[Black "Smirnov, Mark1111"]
[Result "0-1"]
[WhiteElo "2130"]
[BlackElo "2005"]
[PlyCount "109"]
[EventDate "2023.09.19"]
[EventType "swiss (blitz)"]
[EventRounds "11"]
[EventCountry "USA"]
[SourceTitle "EXT 2024"]
[Source "ChessBase"]
[SourceDate "2023.10.10"]
[SourceVersion "1"]
[SourceVersionDate "2023.10.10"]
[SourceQuality "1"]

1. d4 Nf6 2. c4 e6 3. Nf3 b6 4. g3 Ba6 5. Qc2 Bb7 6. Bg2 Be7 7. 0-0 0-0 8. Nc3 d5 9. cxd5 exd5 10. Bf4 Nbd7 11. Nb5 c6 12. Nd6 Bxd6 13. Bxd6 Re8 14. Bf4 Qe7 15. Ne5 Nxe5 16. dxe5 Nd7 17. e4 d4 18. Qd2 c5 19. Bg5 Qxe5 20. f4 Qc7 21. f5 f6 22. Bf4 Qd8 23. Rae1 Ne5 24. Qd1 Ba6 25. Bxe5 Rxe5 26. Rf4 Qe7 27. Rh4 Qf7 28. Qa4 Bb7 29. Bf1 Kh8 30. Bc4 Qe8 31. Qd1 Bxe4 32. Qg4 Bxf5 33. Rxe5 Qxe5 34. Qf3 Qe3+ 35. Qxe3 dxe3 36. Kf1 Rd8 37. Ke2 Rd2+ 38. Kxe3 Rxb2 39. Rf4 Bg6 40. h4 Rb4 41. h5 Bxh5 42. Re4 Bg6 43. Rf4 b5 44. a3 Rxc4 45. Rxc4 bxc4 46. Kd2 Bd3 47. Kc3 h5 48. Kd2 Kh7 49. Kc3 Kg6 50. Kd2 Kg5 51. Kc3 Kg4 52. Kd2 Kxg3 53. Kc3 h4 54. Kd2 h3 55. Kc3 0-1

[Event "Titled Tuesday intern op 12th Sep Early"]
[Site "Chess.com INT"]
[Date "2023.09.12"]
[Round "5"]
[White "Bournel, Antoine"]
[Black "Sabatier, Mathis"]
[Result "0-1"]
[WhiteElo "2334"]
[BlackElo "2130"]
[PlyCount "128"]
[EventDate "2023.09.12"]
[EventType "swiss (blitz)"]
[EventRounds "11"]
[EventCountry "USA"]
[SourceTitle "EXT 2024"]
[Source "ChessBase"]
[SourceDate "2023.10.10"]
[SourceVersion "1"]
[SourceVersionDate "2023.10.10"]
[SourceQuality "1"]

1. a3 e5 2. c4 Nf6 3. d3 d5 4. cxd5 Nxd5 5. Nf3 Nc6 6. e4 Nf6 7. Be2 Be7 8. Be3 0-0 9. h3 h6 10. Nbd2 Be6 11. Qc2 Qd7 12. 0-0 Rad8 13. b4 a6 14. Rfc1 Bd6 15. Nb3 Qe7 16. Nc5 Bc8 17. Rab1 Rfe8 18. Nxa6 Nd4 19. Bxd4 bxa6 20. Be3 a5 21. bxa5 Bxa3 22. Rd1 Ba6 23. Nd2 Bb4 24. Nc4 Bxc4 25. Qxc4 Bxa5 26. Rb7 Qd6 27. Rdb1 Ra8 28. R1b5 Nd7 29. Rd5 Qe7 30. Qb5 Nb6 31. Rc5 Qd7 32. Qxd7 Nxd7 33. Rc1 Reb8 34. Rxb8+ Rxb8 35. Bg4 Nf6 36. Bf5 Bb6 37. Bg4 Bxe3 38. fxe3 Rb7 39. Bf3 g6 40. Rc3 Nd7 41. Rc6 Nb8 42. Rc5 c6 43. Rxe5 Kg7 44. Ra5 Rc7 45. Kf2 c5 46. Ra4 Nc6 47. Be2 Ne5 48. Kg3 h5 49. Kf2 Nd7 50. Rc4 Ne5 51. Rc3 Rc8 52. d4 Nd7 53. Bb5 Nb6 54. Rxc5 Rb8 55. Bd3 Nd7 56. Rc3 Nf6 57. Kf3 Rb2 58. e5 Nh7 59. Rc7 Ng5+ 60. Kg3 h4+ 61. Kxh4 Rxg2 62. Be4 Nxe4 63. e6 g5+ 64. Kh5 Nf6# 0-1

[Event "Titled Tuesday intern op 05th Sep Early"]
[Site "Chess.com INT"]
[Date "2023.09.05"]
[Round "8"]
[White "Sabatier, Mathis"]
[Black "Womacka, Mathias"]
[Result "0-1"]
[WhiteElo "2130"]
[BlackElo "2371"]
[PlyCount "60"]
[EventDate "2023.09.05"]
[EventType "swiss (blitz)"]
[EventRounds "11"]
[EventCountry "USA"]
[SourceTitle "EXT 2024"]
[Source "ChessBase"]
[SourceDate "2023.10.10"]
[SourceVersion "1"]
[SourceVersionDate "2023.10.10"]
[SourceQuality "1"]

1. d4 Nf6 2. c4 e6 3. Nf3 Bb4+ 4. Bd2 Qe7 5. a3 Bxd2+ 6. Nbxd2 d6 7. g3 e5 8. dxe5 dxe5 9. e4 0-0 10. Bd3 Bh3 11. Qe2 Nc6 12. b4 Rfd8 13. Nb3 Bg2 14. Rg1 Bxf3 15. Qxf3 a5 16. b5 Nd4 17. Nxd4 Rxd4 18. g4 Rad8 19. Be2 Nxe4 20. Qe3 Nc5 21. g5 e4 22. h4 Nd3+ 23. Kf1 Rxc4 24. h5 Qc5 25. g6 Qxe3 26. gxh7+ Kxh7 27. fxe3 Rc2 28. Bg4 Rd5 29. Rg2 Rxg2 30. Kxg2 Rg5 0-1

[Event "Rochefort op-A 19th"]
[Site "Rochefort"]
[Date "2020.02.22"]
[Round "5"]
[White "Sabatier, Mathis"]
[Black "Duboue, Peio"]
[Result "0-1"]
[WhiteElo "2089"]
[BlackElo "2421"]
[PlyCount "94"]
[EventDate "2020.02.22"]
[EventType "swiss"]
[EventRounds "9"]
[EventCountry "FRA"]
[SourceTitle "CBM 195 Extra"]
[Source "ChessBase"]
[SourceDate "2020.05.31"]
[SourceVersion "1"]
[SourceVersionDate "2020.05.31"]
[SourceQuality "1"]

1. d4 d5 2. Nf3 Nf6 3. e3 e6 4. Bd3 Bd6 5. 0-0 c5 6. b3 Nc6 7. Bb2 0-0 8. Nbd2 cxd4 9. exd4 Qc7 10. a3 e5 11. dxe5 Nxe5 12. Nxe5 Bxe5 13. Bxe5 Qxe5 14. Nf3 Qc7 15. h3 Be6 16. Re1 Rad8 17. Nd4 Bc8 18. Qf3 Qc5 19. Nf5 Bxf5 20. Qxf5 Rfe8 21. a4 Qc3 22. Rxe8+ Rxe8 23. Rd1 g6 24. Qf3 Kg7 25. g4 Qe5 26. Qg3 Qe7 27. Kg2 a6 28. Qf4 Qc5 29. Qd2 d4 30. Re1 Rxe1 31. Qxe1 h5 32. f3 Qg5 33. Qf2 hxg4 34. hxg4 Qc5 35. Qe2 a5 36. Qe1 b6 37. Qe2 Qg5 38. Qf2 Qf4 39. Be4 Qe5 40. Qg3 Qxg3+ 41. Kxg3 Nxe4+ 42. fxe4 Kf6 43. Kf3 g5 44. Ke2 Ke5 45. Kd3 f6 46. Kc4 Kxe4 47. Kb5 f5 0-1

[Event "Rochefort op-A 19th"]
[Site "Rochefort"]
[Date "2020.02.22"]
[Round "7"]
[White "Sabatier, Mathis"]
[Black "Martin Duque, Jesus"]
[Result "0-1"]
[WhiteElo "2089"]
[BlackElo "2446"]
[PlyCount "119"]
[EventDate "2020.02.22"]
[EventType "swiss"]
[EventRounds "9"]
[EventCountry "FRA"]
[SourceTitle "CBM 195 Extra"]
[Source "ChessBase"]
[SourceDate "2020.05.31"]
[SourceVersion "1"]
[SourceVersionDate "2020.05.31"]
[SourceQuality "1"]

1. d4 Nf6 2. Nf3 e6 3. e3 b6 4. Bd3 Bb7 5. 0-0 d5 6. b3 Nbd7 7. Bb2 g6 8. c4 Bg7 9. Nc3 0-0 10. cxd5 exd5 11. Ba3 Re8 12. Rc1 a6 13. Qc2 Ne4 14. Na4 Rc8 15. Qe2 b5 16. Nc5 Nexc5 17. dxc5 c6 18. Bb2 Ne5 19. Nxe5 Bxe5 20. Bxe5 Rxe5 21. Qb2 Qe7 22. Qd4 Re8 23. a4 Bc8 24. axb5 axb5 25. Rfe1 Rh5 26. g3 Bf5 27. Be2 Rh6 28. Qf4 Qf8 29. Ra1 Re4 30. Qd6 Qxd6 31. cxd6 g5 32. Bd3 Rxd6 33. Bxe4 Bxe4 34. Rac1 d4 35. exd4 Rxd4 36. Rxe4 Rxe4 37. Rxc6 g4 38. Kg2 Kg7 39. h3 h5 40. hxg4 hxg4 41. Rc5 b4 42. Rf5 Kg6 43. Rf4 Rxf4 44. gxf4 Kf5 45. Kg3 Ke4 46. Kxg4 Kd3 47. Kf5 Kc3 48. Kf6 Kxb3 49. Kxf7 Kc4 50. f5 b3 51. f6 b2 52. Kg7 b1Q 53. f7 Qa1+ 54. Kg8 Qg1+ 55. Kh7 Qh2+ 56. Kg7 Qe5+ 57. Kg8 Qg5+ 58. Kf8 Kd5 59. f4 Qf6 60. f5 0-1

[Event "Vaujany op 10th"]
[Site "Vaujany"]
[Date "2019.07.15"]
[Round "5"]
[White "Konguvel, Ponnuswamy"]
[Black "Sabatier, Mathis"]
[Result "1-0"]
[WhiteElo "2343"]
[BlackElo "2105"]
[PlyCount "109"]
[EventDate "2019.07.11"]
[EventType "swiss"]
[EventRounds "9"]
[EventCountry "FRA"]
[SourceTitle "EXT 2020"]
[Source "ChessBase"]
[SourceDate "2019.10.17"]
[SourceVersion "1"]
[SourceVersionDate "2019.10.17"]
[SourceQuality "1"]

1. e4 e5 2. Nf3 Nc6 3. Bb5 a6 4. Ba4 Nf6 5. 0-0 Be7 6. Re1 b5 7. Bb3 d6 8. c3 0-0 9. h3 Na5 10. Bc2 c5 11. d4 Nd7 12. a4 b4 13. cxb4 cxb4 14. Nbd2 Qb6 15. Nb3 Bb7 16. dxe5 Nxe5 17. Be3 Qc7 18. Nxa5 Nxf3+ 19. Qxf3 Qxa5 20. Bd4 Qg5 21. Bb3 Rac8 22. Rad1 Qg6 23. Qf4 Bg5 24. Qg4 Rfe8 25. h4 Bd8 26. Qf4 Rc7 27. f3 Rce7 28. Bf2 Bc7 29. Qg5 Qxg5 30. hxg5 Re5 31. Be3 Rd8 32. Rc1 Bb8 33. Red1 a5 34. Kf2 Kf8 35. Bd5 Bxd5 36. Rxd5 Rxd5 37. exd5 Ke7 38. Bb6 Rd7 39. Re1+ Kf8 40. Bxa5 Ba7+ 41. Kf1 Bc5 42. Re4 Re7 43. Rxe7 Kxe7 44. Ke2 f6 45. gxf6+ Kxf6 46. Kd3 Ke5 47. Kc4 b3 48. Bc3+ Kf4 49. Bd4 Bxd4 50. Kxd4 Kg3 51. a5 h5 52. a6 h4 53. a7 Kxg2 54. a8Q h3 55. Qg8 1-0

[Event "FRA-ch op-B"]
[Site "Nimes"]
[Date "2018.08.18"]
[Round "5"]
[White "Sabatier, Mathis"]
[Black "Ben Hamed, Cherif"]
[Result "1/2-1/2"]
[WhiteElo "1904"]
[BlackElo "1935"]
[PlyCount "93"]
[EventDate "2018.08.18"]
[EventType "swiss"]
[EventRounds "9"]
[EventCountry "FRA"]
[SourceTitle "CBM 186 Extra"]
[Source "ChessBase"]
[SourceDate "2018.08.24"]
[SourceVersion "1"]
[SourceVersionDate "2018.08.24"]
[SourceQuality "1"]

1. d4 d5 2. c4 e6 3. Nc3 Nf6 4. cxd5 exd5 5. Bg5 Be7 6. e3 c6 7. Bd3 Ne4 8. Bxe7 Qxe7 9. Qc2 Nd6 10. Nf3 Nd7 11. 0-0 Nf6 12. b4 Nfe4 13. a4 0-0 14. b5 Nxc3 15. Qxc3 cxb5 16. axb5 Be6 17. Qb4 Rfc8 18. Rfc1 Rxc1+ 19. Rxc1 Rc8 20. Rxc8+ Nxc8 21. Qc5 Qd8 22. h3 f6 23. Bc2 Qd7 24. Nd2 b6 25. Qb4 Nd6 26. Bd3 g6 27. Nb1 Kf7 28. Nc3 Qc7 29. Qb3 Nc4 30. Be2 f5 31. Qb4 Qd6 32. Qxd6 Nxd6 33. Bf3 Ne4 34. Nxe4 dxe4 35. Be2 Ba2 36. g4 Ke6 37. gxf5+ gxf5 38. Kg2 Kf6 39. Kg3 Bb1 40. f3 h6 41. h4 Ke7 42. fxe4 fxe4 43. Kf2 Ba2 44. Ke1 Ke6 45. Kd2 Kf5 46. Kc3 Bf7 47. Kd2 1/2-1/2

[Event "Vaujany op-B 7th"]
[Site "Vaujany"]
[Date "2016.07.16"]
[Round "6"]
[White "Sabatier, Mathis"]
[Black "Lorenter, Patrick"]
[Result "1-0"]
[WhiteElo "1779"]
[BlackElo "1640"]
[PlyCount "43"]
[EventDate "2016.07.16"]
[EventType "swiss"]
[EventRounds "9"]
[EventCountry "FRA"]
[SourceTitle "EXT 2017"]
[Source "ChessBase"]
[SourceDate "2016.10.25"]
[SourceVersion "1"]
[SourceVersionDate "2016.10.25"]
[SourceQuality "1"]

1. d4 d6 2. c4 e5 3. Nf3 exd4 4. Nxd4 g6 5. e4 Bg7 6. Nc3 Nf6 7. Be3 Nbd7 8. Be2 a6 9. f3 Qe7 10. Qd2 h5 11. Bg5 Qf8 12. 0-0-0 Bh6 13. h4 Bxg5 14. hxg5 Nh7 15. Nd5 Kd8 16. Qa5 Nb6 17. Nxb6 cxb6 18. Qxb6+ Ke7 19. c5 dxc5 20. Qc7+ Ke8 21. Nc6 Be6 22. Rd8+ 1-0

[Event "Vaujany op 5th"]
[Site "Vaujany"]
[Date "2014.07.12"]
[Round "3.12"]
[White "Ringot, Arnaud"]
[Black "Sabatier, Mathis"]
[Result "1-0"]
[WhiteElo "1688"]
[BlackElo "1544"]
[PlyCount "63"]
[EventDate "2014.07.10"]
[EventType "swiss"]
[EventRounds "9"]
[EventCountry "FRA"]
[SourceTitle "EXT 2017"]
[Source "ChessBase"]
[SourceDate "2016.10.25"]
[SourceVersion "1"]
[SourceVersionDate "2016.10.25"]
[SourceQuality "1"]

1. e4 e5 2. Nf3 Nc6 3. Bc4 Bc5 4. c3 Nf6 5. d3 a6 6. Bb3 Ba7 7. Nbd2 d6 8. Nf1 Ng4 9. Ne3 Na5 10. Bc2 0-0 11. Nxg4 Bxg4 12. h3 Be6 13. Be3 f5 14. Ng5 Qf6 15. Nxe6 Qxe6 16. Bxa7 Rxa7 17. b4 Qg6 18. bxa5 Qxg2 19. Rf1 Qxh3 20. Bb3+ Kh8 21. exf5 Qxf5 22. Qe2 Qf6 23. Kd2 Raa8 24. Rab1 Qf4+ 25. Qe3 Qh2 26. Qg3 Qh6+ 27. Ke2 Qh5+ 28. f3 Rae8 29. Rh1 Qf5 30. Qg2 e4 31. dxe4 Qxa5 32. Rxh7+ 1-0